000 00309nam a22001217a 4500
008 230629b xxu||||| |||| 00| 0 eng d
082 _a348.
_bCLB 1992
245 _aCommonwealth Law Bulletin
260 _bCommonwealth Secretariat
_c1992
300 _aXVIII,406p
440 _n1
_v18
_x03050718
942 _2ddc
_cBK
999 _c3123
_d3123